[Event "AUTO-MASTER-2361"]
[Site "http://www.queenalice.com/game.php?id=1384048"]
[Date "2015.9.18"]
[Round "1"]
[White "VladimirSpirin"]
[Black "Yran"]
[Result "1-0"]
[WhiteElo "2199"]
[BlackElo "1888"]

1. b3 e5 2. Bb2 Nc6 3. g3 f5 4. Bg2 d6 5. e3 Nf6 6. d3 Be6 7. Nd2 Be7 8. h3 O-O
9. Ne2 Qe8 10. a3 Kh8 11. Ng1 Qf7 12. Ne2 Qh5 13. Nc3 Qh6 14. Qe2 1-0

[Event "AUTO-MASTER-2361"]
[Site "http://www.queenalice.com/game.php?id=1384063"]
[Date "2015.9.18"]
[Round "1"]
[White "worldwide"]
[Black "VladimirSpirin"]
[Result "0-1"]
[WhiteElo "1904"]
[BlackElo "2187"]

1. Nf3 b6 2. g3 Bb7 3. Bg2 g6 4. O-O Bg7 5. d4 e6 6. c4 d6 7. Nc3 h6 8. b4 a6 9.
Bb2 Ne7 10. a4 Nd7 11. a5 bxa5 12. Rxa5 Nb6 13. Nd2 Bxg2 14. Kxg2 Nc6 15. Ra1
Nxb4 16. Na4 Nc6 17. Nxb6 cxb6 18. Rb1 d5 19. Qa4 Qd7 20. e3 O-O 21. cxd5 exd5
22. Rbc1 b5 23. Qc2 Rfc8 24. Qb1 b4 25. Nb3 a5 26. Nc5 Qa7 27. Na4 Ne7 28. Rxc8+
Rxc8 29. Rc1 Qb8 30. Rxc8+ Qxc8 31. Nc5 Qc6 32. Qa2 Qb5 33. h4 Bf8 34. Qb3 Kg7
35. Na4 Qc6 36. Nc5 Nc8 37. e4 Nb6 38. Nd3 Nc4 39. Ba1 a4 40. exd5 Qxd5+ 0-1

[Event "AUTO-MASTER-2361"]
[Site "http://www.queenalice.com/game.php?id=1384075"]
[Date "2015.9.18"]
[Round "1"]
[White "VladimirSpirin"]
[Black "Eduardomoreto67"]
[Result "0-1"]
[WhiteElo "2199"]
[BlackElo "2188"]

1. b3 d5 2. Bb2 d4 3. g3 c5 4. Bg2 e5 5. d3 Nf6 6. Nd2 Be7 7. h3 Nc6 8. a3 O-O
9. e4 dxe3 10. fxe3 Qc7 11. Ne2 Bd7 12. e4 h6 13. Nf3 Nd4 14. Qd2 Nxf3+ 15. Bxf3
Bd6 16. O-O-O b5 17. Rdg1 Be6 18. Kb1 a5 19. Nc3 Qb6 20. Nd1 c4 21. d4 exd4 22.
Bxd4 Bc5 23. c3 Rad8 24. Qf2 Bxd4 25. cxd4 Rxd4 26. Ne3 Rd3 27. Re1 Rxb3+ 28.
Kc2 Qd4 29. Nd1 Qd3+ 30. Kc1 Rb1# 0-1

[Event "AUTO-MASTER-2361"]
[Site "http://www.queenalice.com/game.php?id=1384076"]
[Date "2015.9.18"]
[Round "1"]
[White "Eduardomoreto67"]
[Black "VladimirSpirin"]
[Result "1/2-1/2"]
[WhiteElo "2200"]
[BlackElo "2191"]

1. d4 b6 2. e4 Bb7 3. d5 d6 4. c4 g6 5. Nf3 Bg7 6. Nc3 Nd7 7. Be2 h6 8. Be3 a6
9. O-O Ne5 10. Nxe5 Bxe5 11. Bd4 Bf6 12. Bxf6 Nxf6 13. f4 Nd7 14. g4 g5 15. Qd4
f6 16. b4 Rg8 17. fxg5 hxg5 18. Qf2 Ne5 19. c5 Bc8 20. Qg3 Rh8 21. c6 Kf7 22. a4
Qg8 23. b5 a5 24. Kg2 Rh4 25. h3 Qh7 26. Rh1 Ng6 27. Raf1 Nf4+ 28. Rxf4 gxf4 29.
Qxf4 Qh6 30. Qxh6 Rxh6 31. h4 e5 32. h5 Kg7 33. Kg3 Rh8 34. Kh4 Kh6 35. Rf1 Kg7
36. Nd1 Rf8 37. Ne3 Rb8 38. Rg1 Kh6 39. Nf5+ Bxf5 40. gxf5 Rg8 41. Rg6+ Rxg6 42.
hxg6 Rh8 43. Bh5 Kg7 44. Kg4 1/2-1/2

[Event "AUTO-MASTER-2465"]
[Site "http://www.queenalice.com/game.php?id=1423084"]
[Date "2016.5.15"]
[Round "1"]
[White "VladimirSpirin"]
[Black "Spiritus"]
[Result "1/2-1/2"]
[WhiteElo "2167"]
[BlackElo "2165"]

1. b3 e5 2. Bb2 Nc6 3. g3 d5 4. Bg2 Nf6 5. d3 Bc5 6. e3 Bg4 7. Ne2 Qd7 8. h3 Be6
9. Nd2 O-O-O 10. a3 d4 11. e4 g5 12. g4 h5 13. f3 hxg4 14. hxg4 Rxh1+ 15. Bxh1
Rh8 16. Ng3 Bxg4 17. fxg4 Nxg4 18. Ndf1 Ne3 19. Nxe3 dxe3 20. Bg2 Rh2 21. Qe2
Nd4 22. Bxd4 Bxd4 23. Ra2 Rxg2 24. Qxg2 Qg4 25. Qh2 Bc3+ 26. Kf1 Qf3+ 27. Kg1
Qd1+ 28. Kg2 e2 29. Nxe2 Qxe2+ 30. Kh1 Qf1+ 1/2-1/2

[Event "AUTO-MASTER-2465"]
[Site "http://www.queenalice.com/game.php?id=1423085"]
[Date "2016.5.15"]
[Round "1"]
[White "Spiritus"]
[Black "VladimirSpirin"]
[Result "1/2-1/2"]
[WhiteElo "2280"]
[BlackElo "2168"]

1. e4 b6 2. d4 Bb7 3. Bd3 g6 4. f4 Bg7 5. Nf3 e6 6. O-O d6 7. c3 Ne7 8. Qc2 Nd7
9. f5 gxf5 10. exf5 e5 11. Ng5 h6 12. Ne4 f6 13. Qe2 Kf8 14. Ng3 Qe8 15. dxe5
Nxe5 16. Bc2 h5 17. Bb3 a6 18. Qc2 Qc6 19. h4 b5 20. Bf4 Ng4 21. Be6 Nd5 22.
Bxd5 Qxd5 23. Na3 Re8 24. Rfd1 Qc5+ 25. Rd4 b4 26. Nc4 Kg8 27. Qb3 d5 28. Na3 a5
29. Rd1 Bc6 30. Nc2 bxc3 31. Qxc3 Bf8 32. Qd2 Qb6 33. Re1 Bc5 34. Rxe8+ Bxe8 35.
Kh1 Bxd4 36. Nxd4 Bf7 37. Ne6 c5 38. Bc7 Qb5 39. Kg1 c4 40. Nd4 Qb4 41. Bxa5
Qxd2 42. Bxd2 Kg7 43. Nge2 Rb8 44. b4 cxb3 45. axb3 Ra8 46. g3 Ra1+ 47. Kg2 Rd1
48. Bf4 Kf8 49. Bd6+ Ke8 50. Bc5 Kd7 51. b4 Kc7 52. Nb5+ Kd7 53. Nbd4 Rd2 54.
Kg1 Rd1+ 55. Kg2 1/2-1/2

[Event "AUTO-MASTER-2465"]
[Site "http://www.queenalice.com/game.php?id=1423086"]
[Date "2016.5.15"]
[Round "1"]
[White "VladimirSpirin"]
[Black "VamosJogar"]
[Result "1-0"]
[WhiteElo "2177"]
[BlackElo "1955"]

1. b3 e5 2. Bb2 d6 3. g3 f5 4. Bg2 Bd7 5. Bxb7 Nc6 6. Bxa8 Qxa8 7. f3 Nf6 8. e3
Be7 9. Qe2 O-O 10. a3 Be6 11. Nc3 a6 12. O-O-O Rb8 13. h3 g5 14. Qf2 Kg7 15.
Nge2 Rb7 16. g4 Qb8 17. gxf5 Bxf5 18. h4 h6 19. hxg5 hxg5 20. Qh2 Kf7 21. Qh6
Ng8 22. Qh5+ Bg6 23. Qg4 Na5 24. e4 c6 25. d4 Qa7 26. d5 Kf8 27. Qg1 c5 28. Na4
Qb8 29. Qe3 Be8 30. Nec3 Nxb3+ 31. cxb3 Rxb3 32. Qd2 Bxa4 33. Nxa4 Qb5 34. Nc3
Qc4 35. Qd3 Qxd3 36. Rxd3 Kg7 37. Kc2 c4 38. Rdd1 Bf6 39. Rb1 Ne7 40. Bc1 Rxb1
41. Nxb1 Nc8 42. Be3 1-0

[Event "AUTO-MASTER-2465"]
[Site "http://www.queenalice.com/game.php?id=1423087"]
[Date "2016.5.15"]
[Round "1"]
[White "VamosJogar"]
[Black "VladimirSpirin"]
[Result "1/2-1/2"]
[WhiteElo "1948"]
[BlackElo "2182"]

1. d4 b6 2. c4 Bb7 3. Nc3 g6 4. e3 Bg7 5. Nf3 d6 6. g3 e6 7. Bg2 Nd7 8. O-O Ne7
9. Qa4 a6 10. Ng5 Bxg2 11. Kxg2 h6 12. Nge4 O-O 13. d5 e5 14. b4 f5 15. Nd2 e4
16. Bb2 Ne5 17. Nd1 a5 18. b5 g5 19. Bxe5 Bxe5 20. Rc1 g4 21. h3 h5 22. Nc3 Kg7
23. Qc2 Ng6 24. Rh1 Qf6 25. a4 gxh3+ 26. Rxh3 Rh8 27. f4 exf3+ 28. Nxf3 Rag8 29.
Nxe5 Nxe5 30. Rch1 Qg6 31. Ne2 Qg4 32. Nd4 Kf6 33. Qf2 Qe4+ 34. Kg1 Ng4 35. Qf4
Qxe3+ 36. Qxe3 Nxe3 37. Rxh5 Rxh5 38. Rxh5 Kg6 39. Rh4 Kf6 40. Ne6 Rc8 41. Kf2
Ng4+ 42. Ke2 Kg6 43. Nf4+ Kf6 1/2-1/2

[Event "AUTO-MASTER-2465"]
[Site "http://www.queenalice.com/game.php?id=1423088"]
[Date "2016.5.15"]
[Round "1"]
[White "VladimirSpirin"]
[Black "ratorei"]
[Result "1-0"]
[WhiteElo "2175"]
[BlackElo "2057"]

1. b3 d5 2. Bb2 Nf6 3. g3 e6 4. Bg2 c5 5. d3 Be7 6. e3 Nc6 7. Nd2 O-O 8. Ne2 e5
9. h3 Re8 10. a3 Bf5 11. g4 Bg6 12. Ng3 Qc7 13. Qe2 b5 14. e4 Nd4 15. Qd1 Rad8
16. O-O dxe4 17. Ngxe4 Ne6 18. Nxf6+ Bxf6 19. Ne4 Bxe4 20. Bxe4 Ng5 21. Bg2 c4
22. Qe2 cxb3 23. cxb3 Qd6 24. Rfd1 Ne6 25. Qf1 Nd4 26. Bxd4 Qxd4 27. Bc6 Rc8 28.
Bxe8 Rxe8 29. b4 h5 30. Qe2 hxg4 31. hxg4 Bh4 32. Kg2 Re6 33. Ra2 Rf6 34. f3 Qf4
35. Kg1 Qd4+ 36. Kh1 Bg3 37. Kg2 Bf4 38. Qe4 Qd8 39. Rh1 Bh6 40. Qxe5 Qxd3 41.
Qe8+ Kh7 42. Qe2 Qxe2+ 43. Rxe2 Kg6 44. Rd1 Rc6 45. Rd3 Bf4 46. Rd5 Rc3 47. Ra2
Bc1 48. Rc5 Rxa3 49. Rxa3 Bxa3 50. Rxb5 Bc1 51. Kg3 Be3 52. f4 f6 53. Kf3 Bb6
54. Rd5 Kh6 55. b5 Bg1 56. Ke4 Kg6 57. Rh5 Kf7 58. f5 Bb6 59. Kd5 Ke7 60. Rh7
Kf7 61. Kd6 1-0

[Event "AUTO-MASTER-2465"]
[Site "http://www.queenalice.com/game.php?id=1423089"]
[Date "2016.5.15"]
[Round "1"]
[White "ratorei"]
[Black "VladimirSpirin"]
[Result "0-1"]
[WhiteElo "2099"]
[BlackElo "2166"]

1. d4 b6 2. c4 Bb7 3. Nc3 g6 4. e4 Bg7 5. Nf3 e6 6. Bd3 d6 7. O-O Ne7 8. Be3 h6
9. Qd2 Nd7 10. a4 a6 11. Rac1 g5 12. b4 Ng6 13. e5 dxe5 14. d5 exd5 15. Bxg6
fxg6 16. Nxd5 O-O 17. Rcd1 Nf6 18. Qa2 Nxd5 19. cxd5 Qd6 20. Qc2 Rfc8 21. Rd2 a5
22. b5 Rf8 23. Rfd1 Rf5 24. Ne1 Re8 25. Qb3 Kh7 26. Qc4 Rd8 27. h4 gxh4 28. Qxh4
Rdf8 29. g4 R5f7 30. Rd3 Bc8 31. Bxh6 Bxh6 32. g5 Kg8 33. gxh6 Kh7 34. R1d2 Rf4
35. Qh2 R8f5 36. Ng2 Rxa4 37. Kf1 Rh5 38. Qg3 Rg4 39. Qe3 Rh1+ 0-1

[Event "AUTO-OPEN-3652"]
[Site "http://www.queenalice.com/game.php?id=1423142"]
[Date "2016.5.15"]
[Round "1"]
[White "prrrudenz"]
[Black "VladimirSpirin"]
[Result "1-0"]
[WhiteElo "1986"]
[BlackElo "2185"]

1. e4 b6 2. d4 Bb7 3. Bd3 g6 4. Nf3 Bg7 5. Nc3 e6 6. O-O d6 7. Be3 Ne7 8. Qd2 h6
9. Rad1 a6 10. a3 Nd7 11. Ne2 g5 12. c4 Ng6 13. b4 Qe7 14. Ng3 Qf8 15. c5 b5 16.
h3 d5 17. e5 Bc6 18. Nh5 Ne7 19. Nh2 Qg8 20. Ng4 Nf5 21. Bxg5 hxg5 22. Qxg5 Kf8
23. Bxf5 exf5 24. Qxf5 Re8 25. Rfe1 Qh7 26. Nxg7 Kxg7 27. Qf4 Re6 28. Re3 Qg6
29. Rg3 Kf8 30. Rdd3 Qh7 31. Rdf3 Ke8 32. Nf6+ Nxf6 33. exf6 Kd7 34. Kh2 Qh6 35.
Qf5 Qf8 36. Re3 Qe8 37. Rg7 Rf8 38. g4 Kd8 39. Rf3 Re4 40. Rf4 Rxf4 41. Qxf4 Bd7
42. h4 Qe1 43. h5 Qe4 44. Qxe4 dxe4 45. h6 Be8 46. h7 Rh8 47. Kg3 Kd7 48. Kf4
Ke6 49. g5 Bc6 50. Kg4 Bd5 51. Kh5 e3 52. fxe3 Be4 53. Kh6 c6 54. g6 Bxg6 55.
Rxg6 fxg6 56. Kg7 Rxh7+ 57. Kxh7 Kxf6 58. Kh6 g5 59. Kh5 Kf5 60. e4+ Kxe4 61.
Kxg5 Kxd4 62. Kf5 Kc4 63. Ke5 Kb3 64. Kd6 Kxa3 65. Kxc6 Kxb4 66. Kd5 a5 67. c6
a4 68. c7 a3 69. c8=Q Kb3 70. Qc1 a2 71. Kc5 b4 72. Qa1 Ka3 73. Kc4 b3 74. Kc3
1-0

[Event "AUTO-OPEN-3652"]
[Site "http://www.queenalice.com/game.php?id=1423143"]
[Date "2016.5.15"]
[Round "1"]
[White "VladimirSpirin"]
[Black "prrrudenz"]
[Result "0-1"]
[WhiteElo "2189"]
[BlackElo "1685"]

1. b3 e5 2. Bb2 Nc6 3. g3 Nf6 4. Bg2 d6 5. d3 Be7 6. e3 Be6 7. Nd2 Qd7 8. h3 d5
9. Ne2 a5 10. a3 O-O 11. g4 Ne8 12. Ng3 Nd6 13. Qe2 f6 14. e4 d4 15. Nf5 b5 16.
Nxe7+ Nxe7 17. f3 Ng6 18. Qf2 Nf4 19. Bf1 c5 20. Qg3 Rac8 21. Bc1 c4 22. dxc4
bxc4 23. bxc4 Nxc4 24. Nxc4 Bxc4 25. Bxf4 exf4 26. Qxf4 Bxf1 27. Rxf1 Rxc2 28.
Rf2 Rfc8 29. Rd1 R2c3 30. Rfd2 R8c4 31. Qb8+ Kf7 32. Qb2 Qd6 33. Rd3 Rc2 34.
Qb7+ Kg6 35. R1d2 Qg3+ 36. Kf1 Qxh3+ 37. Ke1 Qg3+ 38. Ke2 Qg2+ 39. Ke1 Rxd2 0-1

[Event "AUTO-OPEN-3652"]
[Site "http://www.queenalice.com/game.php?id=1423170"]
[Date "2016.5.15"]
[Round "1"]
[White "VladimirSpirin"]
[Black "BobbySponja"]
[Result "1-0"]
[WhiteElo "2176"]
[BlackElo "1794"]

1. b3 d5 2. Bb2 Bf5 3. g3 Nc6 4. Bg2 e6 5. d3 Nf6 6. e3 Be7 7. h3 h6 8. Nd2 Qd7
9. Ne2 Rg8 10. g4 Bg6 11. Ng3 O-O-O 12. a3 Ne8 13. b4 Nd6 14. Nb3 Bf6 15. Bxf6
gxf6 16. Qd2 Ne5 17. f3 f5 18. f4 Nc6 19. gxf5 exf5 20. Bxd5 Kb8 21. O-O-O Nb5
22. Bxc6 Qxc6 23. Kb2 h5 24. Ne2 Qa6 25. Ra1 Qf6+ 26. c3 a6 27. a4 Nd6 28. Qe1
Qe6 29. Ned4 Qd5 30. Qf2 f6 31. c4 Qf7 32. Qf3 Qd7 33. Nc5 Qf7 34. Kc3 h4 35.
Qf2 Rh8 36. Rag1 Bh7 37. Rg2 Bg8 38. Qe2 Nc8 39. Rhg1 Nb6 40. a5 Nd7 41. Rg7 Qe8
42. Nxd7+ Rxd7 43. Rxd7 Qxd7 44. Qg2 Qa4 45. Qg7 Qa3+ 46. Nb3 Rh5 47. Qxg8+ Ka7
48. Ra1 1-0

[Event "AUTO-OPEN-3652"]
[Site "http://www.queenalice.com/game.php?id=1423171"]
[Date "2016.5.15"]
[Round "1"]
[White "BobbySponja"]
[Black "VladimirSpirin"]
[Result "0-1"]
[WhiteElo "1869"]
[BlackElo "2187"]

1. d4 b6 2. e4 Bb7 3. Bd3 g6 4. Nf3 Bg7 5. Qe2 a6 6. Nc3 e6 7. Bf4 d6 8. e5 d5
9. h3 Ne7 10. a3 h6 11. Rb1 c6 12. Nd1 b5 13. Ne3 Nd7 14. c3 Nb6 15. b4 Na4 16.
Qd2 Qd7 17. g4 O-O-O 18. Rg1 Rdg8 19. Bc2 Nb6 20. Ra1 Kb8 21. a4 Nc4 22. Nxc4
dxc4 23. axb5 axb5 24. Qc1 Kc7 25. Be4 Nd5 26. Bg3 Ra8 27. Bxd5 Qxd5 28. Nd2 g5
29. Nf1 Rxa1 30. Qxa1 Qe4+ 31. Ne3 Ra8 32. Qb2 Qd3 33. Bh2 c5 34. dxc5 Bf3 0-1

[Event "AUTO-MASTER-2566"]
[Site "http://www.queenalice.com/game.php?id=1465668"]
[Date "2017.2.21"]
[Round "1"]
[White "roda"]
[Black "VladimirSpirin"]
[Result "1-0"]
[WhiteElo "1931"]
[BlackElo "2128"]

1. e4 b6 2. Nf3 Bb7 3. Nc3 g6 4. Bc4 e6 5. O-O Bg7 6. d4 d6 7. d5 e5 8. a4 a6 9.
Be3 h6 10. Ne1 g5 11. Nd3 Nd7 12. Qg4 Qe7 13. Qf5 O-O-O 14. Nb4 Qf6 15. Qg4 Kb8
16. Bxa6 Bxa6 17. Nxa6+ Kb7 18. a5 Nc5 19. axb6 cxb6 20. Qe2 Ne7 21. Nxc5+ dxc5
22. Qa6+ Kc7 23. Qa7+ Kd6 24. Nb5# 1-0

[Event "AUTO-MASTER-2566"]
[Site "http://www.queenalice.com/game.php?id=1465669"]
[Date "2017.2.21"]
[Round "1"]
[White "VladimirSpirin"]
[Black "roda"]
[Result "0-1"]
[WhiteElo "2110"]
[BlackElo "1928"]

1. b3 e5 2. Bb2 Nc6 3. g3 d5 4. Bg2 Be6 5. d3 Nf6 6. e3 Bb4+ 7. Nd2 O-O 8. a3
Be7 9. h3 Nd7 10. Ne2 Nb6 11. Qb1 f6 12. c3 Qd7 13. Qc2 a5 14. Qd1 Bf5 15. Nc1
Rae8 16. Bf1 a4 17. b4 Rd8 18. g4 Be6 19. Ne2 f5 20. Ng3 fxg4 21. hxg4 d4 22.
cxd4 exd4 23. e4 Bxg4 24. Be2 Bxe2 25. Qxe2 Ne5 26. O-O-O Rxf2 0-1

[Event "AUTO-MASTER-2566"]
[Site "http://www.queenalice.com/game.php?id=1465684"]
[Date "2017.2.21"]
[Round "1"]
[White "AyltonChessGM"]
[Black "VladimirSpirin"]
[Result "0-1"]
[WhiteElo "2253"]
[BlackElo "2102"]

1. d4 b6 2. Nf3 Bb7 3. e3 g6 4. c4 Bg7 5. Nc3 e6 6. Be2 d6 7. O-O Ne7 8. h3 Nd7
9. a3 a6 10. b4 h6 11. Bb2 g5 12. Rc1 Ng6 13. Qc2 Qe7 14. Rfd1 Nb8 15. d5 e5 16.
Ne4 Bc8 17. Ng3 h5 18. Nf5 Bxf5 19. Qxf5 Bh6 20. c5 Nd7 21. cxd6 cxd6 22. Bxa6
O-O 23. Bb5 Nb8 24. Rc2 Ra7 25. Rdc1 Kg7 26. Rc8 Na6 27. R8c6 Rb8 28. Bxa6 Rxa6
29. Rc7 Qf6 30. Qd3 Raa8 31. Qb5 g4 32. hxg4 hxg4 33. Ne1 Ne7 34. g3 Bg5 35.
R1c2 Qg6 36. Nd3 Qe4 37. Kf1 Rh8 38. Ke2 Qf3+ 39. Kd2 Rh1 40. Rc1 Rh2 41. Rxe7
Bxe7 42. Qxb6 Bg5 43. Qxd6 Bxe3+ 44. Kc2 Qe2+ 45. Kb3 Qxd3+ 46. Rc3 Qd1+ 47. Ka2
Bd4 48. Rc6 Rxf2 49. Qh6+ Kg8 50. Qg5+ Kf8 51. Qh6+ Ke8 0-1

[Event "AUTO-MASTER-2566"]
[Site "http://www.queenalice.com/game.php?id=1465685"]
[Date "2017.2.21"]
[Round "1"]
[White "VladimirSpirin"]
[Black "AyltonChessGM"]
[Result "0-1"]
[WhiteElo "2108"]
[BlackElo "2312"]

1. b3 e5 2. Bb2 Nc6 3. g3 d6 4. Bg2 Bd7 5. d3 f5 6. e3 Nf6 7. Nd2 Be7 8. Ne2 O-O
9. h3 h6 10. a3 a6 11. Qb1 Rb8 12. Qa2 Kh7 13. d4 exd4 14. Nxd4 Nxd4 15. Bxd4 c5
16. Bc3 b5 17. Bb2 Qc8 18. O-O-O Bc6 19. Bxc6 Qxc6 20. f3 d5 21. g4 fxg4 22.
hxg4 Kg8 23. Be5 Rbc8 24. Rdg1 Qe6 25. Qa1 Bd6 26. Bxd6 Qxd6 27. g5 hxg5 28.
Rxg5 Rce8 29. Rhg1 Rf7 30. Qc3 d4 31. exd4 cxd4 32. Qb2 Qf4 33. Kd1 Qe3 34. R5g2
Nd5 35. c4 dxc3 36. Qc2 cxd2 37. Qxd2 Qxb3+ 38. Kc1 Rc8+ 0-1

[Event "AUTO-MASTER-2566"]
[Site "http://www.queenalice.com/game.php?id=1465696"]
[Date "2017.2.21"]
[Round "1"]
[White "VladimirSpirin"]
[Black "attachui"]
[Result "1-0"]
[WhiteElo "2091"]
[BlackElo "1943"]

1. b3 Nf6 2. Bb2 Nc6 3. g3 d5 4. Bg2 g6 5. d3 Bg7 6. e3 O-O 7. Nd2 e5 8. a3 Bg4
9. Ne2 d4 10. e4 Nd7 11. h3 Be6 12. g4 f5 13. gxf5 gxf5 14. Ng3 f4 15. Ngf1 Rf6
16. Nf3 h6 17. Qe2 a5 18. N1d2 b5 19. O-O-O Ne7 20. Rdg1 c5 21. Bf1 Rg6 22. Nh4
Rg5 23. Ndf3 Rxg1 24. Rxg1 Nf8 25. Nxe5 Kh7 26. Qh5 Qe8 27. Qxe8 1-0

[Event "AUTO-MASTER-2566"]
[Site "http://www.queenalice.com/game.php?id=1465697"]
[Date "2017.2.21"]
[Round "1"]
[White "attachui"]
[Black "VladimirSpirin"]
[Result "0-1"]
[WhiteElo "1933"]
[BlackElo "2101"]

1. d4 b6 2. c4 Bb7 3. Nf3 g6 4. b4 Bg7 5. Bb2 e6 6. e3 d6 7. Qc2 Nd7 8. Be2 Ne7
9. Nbd2 h6 10. Rc1 a6 11. c5 d5 12. Ne5 Nxe5 13. dxe5 b5 14. O-O Nc6 15. a3 Qd7
16. Nb3 O-O-O 17. f4 Rdg8 18. Nd4 Bf8 19. a4 Nxd4 20. Bxd4 c6 21. axb5 axb5 22.
Ra1 Qc7 23. Rfc1 Kd7 24. Bxb5 Be7 25. Ba6 Bxa6 26. Rxa6 Ra8 0-1